|
|
|
|
| LEADER |
00000nss a2200000 a 4500 |
| 001 |
46552 |
| 005 |
20230308224209.0 |
| 008 |
000000| ||||||||r|||||||||||spa|| |
| 040 |
|
|
|b spa
|
| 041 |
1 |
|
|a spa
|
| 082 |
0 |
|
|a 805
|b U48f
|
| 110 |
1 |
|
|a Universidad Católica de Chile
|9 308716
|
| 245 |
|
|
|a Finis Terrae
|c Universidad Católica de Chile
|h imp
|
| 264 |
|
|
|a Santiago
|b Universidad Católica de Chile
|c Enero-Febrero de 1966
|
| 300 |
|
|
|a 64 páginas:
|c 23.5 cm
|
| 310 |
|
|
|a Bimestral
|
| 362 |
|
|
|a Año XIII; no. 53 (enero-febrero de 1966)
|
| 650 |
|
|
|a Revista finis terrae
|9 308717
|
| 650 |
|
|
|a Mistral gabriela
|9 207507
|
| 852 |
|
|
|a UC-CDJBV
|c ESTANTERIA CERRADA
|f Donación
|k lucia.mora
|l 1
|m General
|p 00000000
|q 5,00
|r 2
|t 46552
|b 0
|d CDRC
|e CDRC
|g 805 U48f ESTANTERIA CERRADA
|z 0000-00-00
|
| 942 |
|
|
|c SER
|
| 999 |
|
|
|c 148004
|d 148004
|